| 000 | 00575nam a22001817a 4500 | ||
|---|---|---|---|
| 999 |
_c189641 _d189641 |
||
| 005 | 20220708124431.0 | ||
| 010 | _aENG-133445 | ||
| 020 |
_a8189297244 _c200.00 |
||
| 035 | _aEN-116977 | ||
| 037 | _bDBAD/PUB | ||
| 082 | _a921 | ||
| 100 | _aMarx, Karl | ||
| 245 |
_aKarl Marx: _bMost Influential Philosopher of the modern world/ _cKarl Marx |
||
| 260 |
_aDelhi _bVijay Goel english-hindi Publisher _c2007 |
||
| 270 |
_aS-16, Naveen Shahdara _bDelhi _e110032 _k22324833 _mgoelbooks@rediffmail.com |
||
| 300 |
_a152p. _c22cm(hb) |
||
| 942 |
_2ddc _cEN _h921 _mMAR |
||